LIBRARY & INFORMATION CENTRE, KCAET, TAVANUR

ONLINE PUBLIC ACCESS CATALOGUE (OPAC)

Water and wastewater management, Vol.2 (Record no. 13694)

MARC details
000 -LEADER
fixed length control field 00391nam a22001577a 4500
020 ## - INTERNATIONAL STANDARD BOOK NUMBER
ISBN 9788170357483
020 ## - INTERNATIONAL STANDARD BOOK NUMBER
ISBN 9788170357506
082 ## - DEWEY DECIMAL CLASSIFICATION NUMBER
Classification number 628.11
Item number KHA/WA
100 ## - MAIN ENTRY--AUTHOR NAME
Personal name Khanna, D.R
245 ## - TITLE STATEMENT
Title Water and wastewater management, Vol.2
260 ## - PUBLICATION, DISTRIBUTION, ETC. (IMPRINT)
Place of publication Delhi
Name of publisher Daya Publishing House
Year of publication 2011
300 ## - PHYSICAL DESCRIPTION
Number of Pages 694
700 ## - ADDED ENTRY--PERSONAL NAME
Personal name Bhutiani, R
700 ## - ADDED ENTRY--PERSONAL NAME
Personal name Matta, Gagan
942 ## - ADDED ENTRY ELEMENTS (KOHA)
Koha item type Books
Holdings
Withdrawn status Lost status Damaged status Collection code Home library Current library Shelving location Date acquired Source of acquisition Cost, normal purchase price Full call number Accession Number Koha item type
      Non-fiction KAUAET KAUAET General Stacks 31/03/2012 Universal Research Books, Thrissur 3000.00 628.11 KHA/WA 23366 Books
        KAUAET KAUAET General Stacks 09/06/2016 Universal Research Books, Thrissur 3000.00 628.11 KHA/WA 24320 Books
free website counter